El dolor (Record no. 163507)

MARC details
000 -LEADER
campo de control de longitud fija 01018nam a2200253 i 4500
001 - NÚMERO DE CONTROL
campo de control 163507
003 - IDENTIFICADOR DE NÚMERO DE CONTROL
campo de control ES-MaACL
005 - FECHA Y HORA DE LA ÚLTIMA TRANSACCIÓN
campo de control 20250822032538.0
008 - DATOS DE LONGITUD FIJA--INFORMACIÓN GENERAL
campo de control de longitud fija 030115q1879 sp f |||| | spa d
100 1# - ENTRADA PRINCIPAL--NOMBRE DE PERSONA
Nombre de persona Richet, Charles (
Fechas asociadas al nombre 1850-1935)
9 (RLIN) 96954
245 13 - MENCIÓN DEL TÍTULO
Título El dolor
Resto del título ; El sonambulismo provocado /
Mención de responsabilidad, etc. Carlos Richet ; versión española por M. de Tolosa y Latour.
260 ## - PUBLICACIÓN, DISTRIBUCIÓN, ETC.
Lugar de publicación, distribución, etc. Madrid :
Nombre del editor, distribuidor, etc. Casa Editorial de Medina,
Fecha de publicación, distribución, etc. [1879?]
300 ## - DESCRIPCIÓN FÍSICA
Extensión XIV, [2], 150 p., [1] h. pleg. de gráf., [1] h. de grab. pleg. ;
Dimensiones 16 cm.
490 1# - MENCIÓN DE SERIE
Mención de serie Estudios de psicología-fisiológica
596 ## - NOTA AL PIE DE IMPRENTA
NOTA AL PIE DE IMPRENTA Fecha tomada de prelim.: "París, 10 de enero de 1879"
650 07 - PUNTO DE ACCESO ADICIONAL DE MATERIA--TÉRMINO DE MATERIA
Término de materia o nombre geográfico como elemento de entrada Dolor
Fuente del encabezamiento o término embne
9 (RLIN) 11964
650 #4 - PUNTO DE ACCESO ADICIONAL DE MATERIA--TÉRMINO DE MATERIA
Término de materia o nombre geográfico como elemento de entrada Sonambulismo.
9 (RLIN) 136889
650 07 - PUNTO DE ACCESO ADICIONAL DE MATERIA--TÉRMINO DE MATERIA
Término de materia o nombre geográfico como elemento de entrada Psicología fisiológica
Fuente del encabezamiento o término embne
9 (RLIN) 16565
700 1# - ENTRADA AGREGADA--NOMBRE PERSONAL
Nombre de persona Tolosa Latour, Manuel,
Fechas asociadas al nombre 1857-1919
9 (RLIN) 110485
740 32 - ENTRADA AGREGADA--TÍTULO RELACIONADO/ANALÍTICO NO CONTROLADO
Título relacionado o analítico no controlado El sonambulismo provocado.
830 1# - PUNTO DE ACCESO ADICIONAL DE SERIE-TÍTULO UNIFORME
Título uniforme Estudios de psicología-fisiológica
9 (RLIN) 222277
852 ## - LOCALIZACIÓN
Ubicación ES-MaACL
Número de control de estantería G-10980(2)
Nota libre - Enc. hol.
Holdings
Estatus retirado Estado de pérdida Estado de daño No para préstamo Colección Biblioteca de origen Biblioteca actual Ubicación en estantería Fecha de adquisición Fuente de adquisición Total de préstamos Signatura topográfica completa Código de barras Visto por última vez Precio de reemplazo Tipo de ítem Koha
        Libros del s. XIX Biblioteca del Ateneo de Madrid Biblioteca del Ateneo de Madrid Sala Pecera Planta 3 17/01/2008     G-10980(2) 1171338 23/02/2023 23/02/2023 Libro impreso antiguo